[Event "European Senior Teams 2012"]
[Site "Rogaska Slatina SLO"]
[Date "2012.03.29"]
[Round "3.21"]
[White "Marks,I"]
[Black "Hellwege,W"]
[Result "1-0"]
[WhiteElo "1891"]
[BlackElo "2029"]

1.d4 d5 2.c4 c6 3.Nf3 Nf6 4.Nc3 dxc4 5.a4 Bf5 6.Ne5 Nbd7 7.Nxc4 e6 8.f3 Bb4
9.e4 Bxe4 10.fxe4 Nxe4 11.Qd3 f5 12.Be2 Qh4+ 13.g3 Qh3 14.Bf1 Qh5 15.Bg2 Ndf6
16.O-O Bxc3 17.bxc3 O-O-O 18.Ne5 g5 19.Qc4 Qe8 20.a5 a6 21.Rb1 Rd5 22.Bxg5 Nxg5
23.Bxd5 Nxd5 24.Qb3 b5 25.axb6 Kb7 26.c4 Nf6 27.Ra1 Qd8 28.Qe3 Rg8 29.d5 cxd5
30.Rxa6 Nf3+ 31.Qxf3 Kxa6 32.Qa3+ Kxb6 33.Rb1+ Kc7 34.Qa7+  1-0

[Event "Final 4 of College Chess 2012"]
[Site "Herndon USA"]
[Date "2012.03.31"]
[Round "2"]
[White "Sadorra,J"]
[Black "Kaplan,S"]
[Result "1/2-1/2"]
[WhiteElo "2525"]
[BlackElo "2405"]

1.d4 d5 2.c4 c6 3.Nf3 Nf6 4.Nc3 dxc4 5.a4 Bf5 6.e3 e6 7.Bxc4 Bb4 8.O-O O-O
9.Qe2 Nbd7 10.e4 Bg6 11.Bd3 h6 12.Bf4 a6 13.Rfd1 Re8 14.h3 Rc8 15.g4 Ba5
16.Bg3 Qe7 17.Bc2 c5 18.e5 Bxc2 19.Qxc2 Nd5 20.Nxd5 exd5 21.dxc5 Qxc5 22.Qb3 Nb6
23.Nd4 Qb4 24.Qxb4 Bxb4 25.Nf5 Rc2 26.a5 Nc4 27.Rxd5 Rd2 28.Rxd2 Bxd2 29.Nd6 Nxd6
30.exd6 Re1+ 31.Rxe1 Bxe1 32.Kf1 Bxa5 33.Ke2 f6 34.d7 Kf7 35.Bd6 g6 36.Bb4 Bd8
37.Bd2 h5 38.gxh5 gxh5 39.Kf3 Ke6 40.Kg3 f5  1/2-1/2

[Event "European Senior Teams 2012"]
[Site "Rogaska Slatina SLO"]
[Date "2012.03.31"]
[Round "5.22"]
[White "Niebuhr,G"]
[Black "Ovesen,K"]
[Result "1/2-1/2"]
[WhiteElo "2079"]
[BlackElo "1893"]

1.d4 d5 2.c4 c6 3.Nf3 Nf6 4.Nc3 dxc4 5.a4 Bf5 6.e3 e6 7.Bxc4 Bd6 8.O-O O-O
9.Qe2 Bg6 10.e4 Be7 11.Bg5 h6 12.Bf4 Nbd7 13.Rad1 Bb4 14.Ne5 Bh7 15.f3 Qb6
16.Be3 Qa5 17.Nxd7 Nxd7 18.Bd2 Qh5 19.Na2 Bd6 20.e5 Bc7 21.Bf4 Qh4 22.Bg3 Qe7
23.Nc3 Nb6 24.b3 Rad8 25.Ne4 Bxe4 26.fxe4  1/2-1/2

[Event "TCh-CZE Liga1 Vychod"]
[Site "Czech Rep CZE"]
[Date "2012.04.01"]
[Round "11"]
[White "Haba,P"]
[Black "Cerveny,M"]
[Result "1-0"]
[WhiteElo "2502"]
[BlackElo "2347"]

1.d4 d5 2.c4 c6 3.Nf3 Nf6 4.Nc3 dxc4 5.a4 Bf5 6.Ne5 e6 7.f3 Bb4 8.Kf2 c5
9.e4 Bxc3 10.bxc3 Bxe4 11.fxe4 Nxe4+ 12.Kg1 Nxc3 13.Qd2 Qxd4+ 14.Qxd4 cxd4
15.Ba3 b5 16.axb5 Nxb5 17.Bb4 d3 18.g3 Nd7 19.Nxc4 Rc8 20.Bxd3 Nc5 21.Bf1 O-O
22.Ra5 a6 23.Nb6 Rc6 24.Bxc5 Rxc5 25.Nd7 Rc2 26.Nxf8 Nd4 27.Ra3 Kxf8 28.h4  1-0

[Event "TCh-CZE Liga 1 Zapad"]
[Site "Czech Rep CZE"]
[Date "2012.04.01"]
[Round "11.3"]
[White "Kucera,P1"]
[Black "Varga,Dav"]
[Result "1-0"]
[WhiteElo "2386"]
[BlackElo "2355"]

1.d4 Nf6 2.c4 c6 3.Nc3 d5 4.Nf3 dxc4 5.a4 Bf5 6.e3 e6 7.Bxc4 Bb4 8.O-O Ne4
9.Na2 Bd6 10.b3 Nd7 11.Bb2 Bg4 12.Be2 Qa5 13.h3 h5 14.Rc1 Rd8 15.Nc3 Ndf6
16.Qc2 Qf5 17.Nh4 Qg5 18.Nf3 Bxf3 19.Bxf3 Nxc3 20.Bxc3 Qh4 21.Rfd1 Nd5 22.Be1 g5
23.Bxd5 g4 24.g3 Qg5 25.Bxc6+ bxc6 26.Qxc6+ Ke7 27.h4 Qd5 28.e4 Qxb3 29.e5 Bxe5
30.Rb1 Qd5 31.Qxd5 Rxd5 32.dxe5 Rb8 33.Rxb8 Rxd1 34.Rb7+ Rd7 35.Bb4+ Kd8
36.Rxd7+ Kxd7 37.f3 f5 38.exf6  1-0

[Event "European Senior Teams 2012"]
[Site "Rogaska Slatina SLO"]
[Date "2012.04.02"]
[Round "7.23"]
[White "Laitinen,Ma"]
[Black "Andersson,Ka"]
[Result "0-1"]
[WhiteElo "1808"]
[BlackElo "2058"]

1.d4 d5 2.c4 c6 3.Nf3 Nf6 4.Nc3 dxc4 5.a4 Bf5 6.e3 e6 7.Bxc4 Bb4 8.O-O O-O
9.Ne5 Nbd7 10.Nd3 Be7 11.f3 Bg6 12.Nf4 c5 13.Nxg6 hxg6 14.Ne2 Rc8 15.b3 Nb6
16.Bd3 Nbd5 17.Bc4 Nb6 18.Bd3 cxd4 19.exd4 Nfd5 20.Bd2 Nb4 21.Be4 N6d5 22.Rc1 Qb6
23.Kh1 Bf6 24.Rc4 Nc6 25.Qc2 Rcd8 26.Rd1 a6 27.Bc1 Na5 28.Bxd5 Rxd5 29.Rc8 Rxc8
30.Qxc8+ Rd8 31.Qc3 Qxb3 32.Qxb3 Nxb3 33.Be3 Na5 34.Nc3 Nc4 35.Bf2 Rd7 36.f4 Nb6
37.g3 Nd5 38.Ne4 Be7 39.Rb1 b6 40.Rb3 Rc7 41.Kg2 Rc2 42.Ra3 Bxa3  0-1

[Event "ch-CHN w 2012"]
[Site "Xinghua CHN"]
[Date "2012.04.02"]
[Round "6"]
[White "Wang Doudou"]
[Black "Nie,X"]
[Result "0-1"]
[WhiteElo "2186"]
[BlackElo "2053"]

1.d4 d5 2.c4 c6 3.Nc3 Nf6 4.Nf3 dxc4 5.a4 Bf5 6.Ne5 Nbd7 7.Nxc4 Qc7 8.g3 e5
9.dxe5 Nxe5 10.Bf4 Nfd7 11.Bg2 g5 12.Ne3 gxf4 13.Nxf5 fxg3 14.hxg3 O-O-O
15.Qc2 Nf6 16.O-O h5 17.a5 a6 18.Ne4 Nd5 19.Nc3 Nf6 20.Rfc1 Kb8 21.Ne4 Nd5
22.Nc5 Qc8 23.b4 Ng4 24.b5 Nb4 25.Qe4 axb5 26.a6 Bxc5 27.axb7 Bxf2+ 28.Kh1 Qxb7
29.Qf4+ Qc7 30.Ra8+ Kb7 31.Ra7+ Bxa7 32.Qxb4 Kb8 33.Bf3 Ne5 34.Ne7 Rd4 35.Qa3 b4
36.Qa4 Qxe7  0-1

[Event "Semana Santa LAB Open"]
[Site "Bogota COL"]
[Date "2012.04.04"]
[Round "1"]
[White "Pena Duarte,F"]
[Black "Torres,Ju2"]
[Result "0-1"]
[WhiteElo "2160"]
[BlackElo "2295"]

1.d4 d5 2.Nf3 c6 3.c4 Nf6 4.Nc3 dxc4 5.a4 Bf5 6.e3 e6 7.Bxc4 Bb4 8.O-O Nbd7
9.Qb3 a5 10.Nd2 O-O 11.e4 Bg6 12.e5 Nd5 13.Nf3 Rc8 14.Bg5 Qb6 15.Ne2 h6 16.Bh4 Rfe8
17.Bd3 Bf8 18.Qd1 Bxd3 19.Qxd3 c5 20.g4 cxd4 21.g5 Nc5 22.Qxd4 Nb3 23.Qg4 h5
24.Qg3 Rc4 25.h3 Nxa1 26.g6 f6 27.exf6 gxf6 28.g7 Bxg7 29.Qg6 Rf8 30.Rxa1 Qxb2
31.Re1 Qb4 32.Bg3 Qxa4 33.Bd6 Rf7 34.Ng3 Qd7 35.Nd2 Rc6 36.Nde4 Rxd6 37.Nxd6 Qxd6  0-1

[Event "O2C Doeberl Cup Premier 2012"]
[Site "Canberra AUS"]
[Date "2012.04.05"]
[Round "2.9"]
[White "Akshat,Kh"]
[Black "Bai,Jinshi"]
[Result "1/2-1/2"]
[WhiteElo "2411"]
[BlackElo "2231"]

1.d4 d5 2.c4 c6 3.Nf3 Nf6 4.Nc3 dxc4 5.a4 Bf5 6.e3 e6 7.Bxc4 Bb4 8.O-O O-O
9.Nh4 Nbd7 10.Nxf5 exf5 11.Qf3 Qa5 12.Bd3 g6 13.Bd2 Rad8 14.Rfd1 Rfe8 15.Be1 Nb6
16.h3 Kg7 17.Bf1 Rd7 18.g3 Ne4 19.Rdc1 Nd5 20.Nxe4 fxe4 21.Bxb4 Qxb4 22.Qe2 a5
23.Rc5 Nb6 24.Qc2 Nd5 25.Bc4 Qb6 26.Bxd5 Rxd5 27.Rxd5 cxd5 28.Ra3 Qe6 29.Rc3 Qxh3
30.Rc7 b6 31.Qc6 Qe6 32.Qb7 Rd8 33.Re7 Qf5 34.Qc7 Rc8 35.Rxf7+ Qxf7 36.Qxc8 Qf3
37.Qd7+ Kh6 38.Qh3+ Kg7 39.Qd7+ Kh6 40.Qxd5 Qd1+ 41.Kg2 Qf3+ 42.Kf1 Qd1+
43.Kg2 Qf3+ 44.Kf1 Qd1+  1/2-1/2

[Event "O2C Doeberl Cup Premier 2012"]
[Site "Canberra AUS"]
[Date "2012.04.06"]
[Round "4.11"]
[White "Illingworth,M"]
[Black "Tan,Ju2"]
[Result "1-0"]
[WhiteElo "2352"]
[BlackElo "2179"]

1.d4 d5 2.c4 c6 3.Nf3 Nf6 4.Nc3 dxc4 5.a4 Bf5 6.Ne5 Nbd7 7.Nxc4 Qc7 8.g3 e5
9.dxe5 Nxe5 10.Bf4 Nfd7 11.Bg2 g5 12.Ne3 gxf4 13.Nxf5 O-O-O 14.Qc2 Ng6 15.O-O h5
16.Rfc1 Kb8 17.b4 fxg3 18.hxg3 h4 19.b5 c5 20.b6 axb6 21.a5 hxg3 22.axb6 gxf2+
23.Kf1 Nxb6 24.Qa2 Kc8 25.Qa7 Kd7 26.Rd1+ Ke6 27.Rxd8 Qxd8 28.Rd1 Qc7 29.Nd6  1-0

[Event "ch-CHN w 2012"]
[Site "Xinghua CHN"]
[Date "2012.04.06"]
[Round "10"]
[White "Wang Xiaohui"]
[Black "Nie,X"]
[Result "1/2-1/2"]
[WhiteElo "2209"]
[BlackElo "2053"]

1.d4 d5 2.c4 c6 3.Nf3 Nf6 4.Nc3 dxc4 5.a4 Bf5 6.e3 e6 7.Bxc4 Bb4 8.O-O Nbd7
9.Nh4 Bg6 10.h3 O-O 11.Nxg6 hxg6 12.Qc2 Rc8 13.Rd1 Qe7 14.a5 Rfd8 15.Bd2 c5
16.Qb3 Nb8 17.dxc5 Nc6 18.a6 bxa6 19.Bxa6 Rb8 20.Qa4 Qxc5 21.Rac1 Qb6 22.Nb1 Bxd2
23.Nxd2 Ne5 24.b3 Rd5 25.Be2 Nfd7 26.Ra1 Nc5 27.Qxa7 Qxa7 28.Rxa7 Rbd8 29.Rc7 Nxb3
30.Nxb3 Rxd1+ 31.Bxd1 Rxd1+ 32.Kh2 Nd3 33.Kg3 Rf1 34.Rc2 Rg1 35.Rd2 Ne5 36.Nd4 Kf8
37.Ra2 Rb1 38.Ra5 Nd3 39.Nc6 Ke8 40.Ra3 Rc1 41.Nd4 Nc5 42.f4 Nd7 43.Ra7 Rc3
44.Kf3 Nf6 45.Nb5 Rd3 46.Ke2 Rd8 47.Nd4 Nd5 48.g3 Kf8 49.Nc6 Rc8 50.Ne5 Rc7
51.Ra8+ Ke7 52.e4 Nf6 53.Ke3 Rb7 54.g4 Rb3+ 55.Nd3 Nd7 56.Ra7 Kd6 57.Kd4 Rb1
58.e5+ Kc6 59.Kc3 Rb7 60.Nb4+ Kb6 61.Ra6+ Kb5 62.Ra8 Nb6 63.Rg8 Na4+ 64.Kb3 Nc5+
65.Kc3 Na4+ 66.Kb3 Nc5+ 67.Kc3 Na4+ 68.Kb3 Nc5+  1/2-1/2

[Event "Semana Santa LAB Open"]
[Site "Bogota COL"]
[Date "2012.04.07"]
[Round "7"]
[White "Narvaez,F"]
[Black "Mercado,Lu"]
[Result "0-1"]
[WhiteElo "2160"]
[BlackElo "2075"]

1.d4 d5 2.Nf3 Nf6 3.c4 c6 4.Nc3 dxc4 5.a4 Bf5 6.e3 e6 7.Bxc4 Bb4 8.O-O O-O
9.h3 Ne4 10.Qb3 Qe7 11.a5 Nd7 12.Ra4 Bd6 13.Qxb7 Rfb8 14.Qxc6 Rc8 15.Qb7 Rab8
16.Qxa7 Rc7 17.Qa6 Ndc5 18.dxc5 Nxc5 19.e4 Nxa6 20.Bxa6 Bg6 21.Be2 Rb4 22.Ra1 Bxe4
23.Nxe4 Rxe4 24.Bd3 Rb4 25.Rd1 Bc5 26.a6 Ba7 27.b3 Rxb3 28.Bf4 Rc8 29.Bd6 Qd8
30.Be4 Qb6 31.Bg3 f5 32.Bb7 Rf8 33.Be5 Qxf2+ 34.Kh1 h6 35.Rac1 Rf7 36.Rd2 Qe3
37.Re1 Qb6 38.Bd4 Qa5 39.Ra1 Qb4 40.Bxa7 Rxb7 41.Rd8+ Kh7 42.axb7 Qxb7 43.Bd4 Rxf3
44.gxf3 Qxf3+ 45.Kh2 Qf4+ 46.Kh1 e5 47.Bc5 Qf3+ 48.Kh2 Qc3 49.Rg1 Qxc5 50.Rd7 Qf8
51.Rd5 e4 52.h4 Qb8+ 53.Rg3 f4 54.Rg4 f3+ 55.Kh3 f2 56.Rf5 Qc8 57.Rf7 f1=Q+
58.Rxf1 h5 59.Rf4 hxg4+ 60.Kg3 Qc3+ 61.Kxg4 Qd3 62.h5 e3 63.h6 e2 64.hxg7 e1=Q  0-1

[Event "Pobeskydi Open 2012"]
[Site "Frydek Mistek CZE"]
[Date "2012.04.07"]
[Round "6"]
[White "Lys,J"]
[Black "Leks,M"]
[Result "1-0"]
[WhiteElo "2191"]
[BlackElo "2103"]

1.d4 d5 2.c4 c6 3.Nc3 Nf6 4.Nf3 dxc4 5.a4 Bf5 6.Nh4 e6 7.Nxf5 exf5 8.e3 Bb4
9.Bxc4 O-O 10.O-O Nbd7 11.Qb3 Qb6 12.Na2 Bd6 13.Qxb6 Nxb6 14.b3 a5 15.Nc3 Nbd5
16.Bd2 Ne4 17.Nxe4 fxe4 18.f3 f5 19.Rac1 g6 20.g4 h6 21.gxf5 gxf5 22.fxe4 fxe4
23.Rxf8+ Kxf8 24.Rf1+ Ke7 25.Rf5 Rg8+ 26.Kh1 b6 27.Rh5 Rh8 28.Kg2 Nf6 29.Rf5 Rh7
30.Be1 Rg7+ 31.Kh3 Ng4 32.Rh5 Nxe3 33.Rxh6 Nxc4 34.bxc4 e3 35.Rh4 Kd7 36.Re4 Rh7+
37.Bh4 Bc7 38.Kg2 e2 39.Bg3 Rg7 40.Rxe2 Bxg3 41.hxg3 Rg4 42.Rd2 Ke6 43.Kf3 Rg8
44.Rb2 Rb8 45.Ke4 Kd7 46.g4 Re8+ 47.Kd3 Rg8 48.Rg2 Ke6 49.g5 Rg6 50.Ke4 Rg7
51.d5+ cxd5+ 52.cxd5+ Kd6 53.g6 b5 54.axb5 a4 55.Kf5 Kxd5 56.Ra2 Ra7 57.b6 Ra5
58.Rc2 Kd4+ 59.Kf4 Kd3 60.Ra2 Ra8 61.b7 Rb8 62.g7  1-0

[Event "Cebanenco Mem IM 2012"]
[Site "Kishinev MDA"]
[Date "2012.04.07"]
[Round "7"]
[White "Grinev,V"]
[Black "Baltag,I"]
[Result "1/2-1/2"]
[WhiteElo "2404"]
[BlackElo "2420"]

1.d4 d5 2.c4 c6 3.Nc3 Nf6 4.Nf3 dxc4 5.a4 Bf5 6.e3 e6 7.Bxc4 Bb4 8.O-O Nbd7
9.Qe2 Bg6 10.e4 O-O 11.Bd3 Qa5 12.Bf4 Rfe8 13.Nd2 Bxc3 14.Nc4 Qh5 15.bxc3 Qxe2
16.Bxe2 Nxe4 17.Rfc1 Nb6  1/2-1/2

[Event "39th La Roda Open"]
[Site "La Roda ESP"]
[Date "2012.04.07"]
[Round "6"]
[White "Santos,AntonioP"]
[Black "Iruzubieta Villaluenga,J"]
[Result "1/2-1/2"]
[WhiteElo "2327"]
[BlackElo "2391"]

1.d4 d5 2.c4 c6 3.Nf3 Nf6 4.Nc3 dxc4 5.a4 Bf5 6.Ne5 Nbd7 7.Nxc4 Nb6 8.Ne5 e6
9.f3 Nfd7 10.Nxd7 Nxd7 11.e4 Bg6 12.Be3 Bb4 13.Be2 Qa5 14.Kf2 O-O 15.Qb3 Rad8
16.Rhd1 Nb6 17.Na2 Be7 18.Nc1 Bf6 19.Qc3 Qh5 20.Nd3 Qxh2 21.Bf4 Qh4+ 22.Bg3 Bxd4+
23.Qxd4 Qxg3+ 24.Kxg3 Rxd4 25.Nc5 Rxd1 26.Rxd1 a5 27.b3 f5 28.e5 Rb8 29.Rd6 Bf7
30.Nxe6 Bxe6 31.Rxe6 Kf7 32.Rd6 Ke7 33.Kf4 Rf8 34.Bc4 Nc8 35.Rd1 h6 36.g3 g5+
37.Ke3 f4+ 38.gxf4 Rxf4 39.Rh1 Nb6 40.Rxh6 Nxc4+ 41.bxc4 Rxc4 42.Rg6 b5 43.axb5 cxb5
44.Rxg5 b4 45.f4 b3 46.Rg7+ Ke6 47.Rb7 a4 48.Rb6+ Kd5 49.Rb5+ Ke6 50.Rb8 Ke7
51.Rb5 Rc2 52.f5 b2 53.f6+ Kd7 54.Rb7+ Ke6 55.f7 Rc8 56.Rxb2 Kxf7 57.Ke4 Ra8
58.Kf5 a3 59.e6+ Ke7 60.Rb7+ Kd6 61.Rd7+ Kc6 62.Rd1 Kc5 63.e7 Re8 64.Ke6 Kc4
65.Rd8 Rxe7+ 66.Kxe7 a2 67.Ra8 Kb3 68.Rxa2 Kxa2  1/2-1/2

[Event "VI New Open Lugano"]
[Site "Lugano SUI"]
[Date "2012.04.08"]
[Round "4.1"]
[White "Patuzzo,F"]
[Black "Hamdouchi,H"]
[Result "0-1"]
[WhiteElo "2278"]
[BlackElo "2617"]

1.d4 d5 2.Nf3 Nf6 3.c4 c6 4.Nc3 dxc4 5.a4 Bf5 6.e3 e6 7.Bxc4 Bb4 8.O-O O-O
9.Qb3 Qe7 10.Ne5 c5 11.Rd1 Nc6 12.Nxc6 bxc6 13.a5 Rfd8 14.Ne2 Bg6 15.f3 cxd4
16.Nxd4 Qc5 17.Be2 Bxa5 18.Qb7 Bb6 19.Nxc6 Rxd1+ 20.Bxd1 Re8 21.Ba4 h5 22.Bd2 Kh7
23.Kh1 h4 24.h3 Qd5 25.Rd1 Qc4 26.b4 Qe2 27.Nd4 Bxd4 28.exd4 Rd8 29.Bg5 Rd5
30.Bxf6 gxf6 31.Qxa7 Kg7 32.Qc7 e5 33.b5 Rxb5 34.dxe5 Rxe5 35.Qc3 Qf2 36.Rg1 Re2
37.Bb5 Re5 38.Qb4 Qb6 39.Qxh4 Rxb5 40.Qf4 Qf2 41.Kh2 Rg5 42.Kh1 Bd3 43.Qc1 Kh7
44.Qc7 Rg7 45.Qc1 Rg3 46.Qc7 Bg6 47.Qc4 Kg7 48.Qf1 Qd4 49.Qe1 Qf4 50.Qe2 Qh4
51.Rc1 Bf5 52.Rc4 Qg5 53.Kh2 Bd3 54.Qf2 Rxg2+ 55.Qxg2 Qxg2+ 56.Kxg2 Bxc4
57.Kg3 Be6 58.h4 Kg6  0-1

[Event "Paskturneringen Open"]
[Site "Norrkoping SWE"]
[Date "2012.04.08"]
[Round "7"]
[White "Linusson,P"]
[Black "Henriksson,Jo"]
[Result "0-1"]
[WhiteElo "2148"]
[BlackElo "2279"]

1.d4 d5 2.c4 c6 3.Nf3 Nf6 4.Nc3 dxc4 5.a4 Bf5 6.Ne5 Na6 7.e3 Nb4 8.Bxc4 e6
9.O-O Be7 10.f3 h6 11.e4 Bh7 12.Be3 a5 13.Qb3 O-O 14.Na2 Nd7 15.Ng4 Kh8 16.Nxb4 Bxb4
17.Nf2 Nb6 18.Be2 f5 19.Nd3 fxe4 20.fxe4 Bxe4 21.Rxf8+ Qxf8 22.Rf1 Qd6 23.Ne5 Qd5
24.Qd1 Rf8 25.Rxf8+ Bxf8 26.Qf1 Bd6 27.Nf7+ Kg8 28.Nxd6 Qxd6 29.Qf2 Nxa4
30.Bf4 Qb4 31.h4 Qxb2 32.Qe3 Nc3 33.Bf1 Bf5 34.Be5 Nd5 35.Qg3 g6 36.Qf3 Qc3
37.Qd1 b5 38.g4 Qe3+ 39.Kh2 Qf2+  0-1

[Event "Cebanenco Mem IM 2012"]
[Site "Kishinev MDA"]
[Date "2012.04.09"]
[Round "9"]
[White "Itkis,B"]
[Black "Baltag,I"]
[Result "1/2-1/2"]
[WhiteElo "2434"]
[BlackElo "2420"]

1.d4 d5 2.c4 c6 3.Nf3 Nf6 4.Nc3 dxc4 5.a4 Bf5 6.Ne5 Nbd7 7.Nxc4 Qc7 8.g3 e5
9.dxe5 Nxe5 10.Bf4 Nfd7 11.Bg2 g5 12.Ne3 gxf4 13.Nxf5 O-O-O 14.Qc2 Nc5 15.O-O fxg3
16.hxg3 Ne6 17.Rad1 Bb4 18.Rxd8+ Rxd8 19.Rd1 Rxd1+ 20.Qxd1 Qd7 21.Qxd7+ Kxd7  1/2-1/2

[Event "Karposh Open 2012"]
[Site "Skopje MKD"]
[Date "2012.04.11"]
[Round "6.32"]
[White "Raeva,E"]
[Black "Orehek,S"]
[Result "1-0"]
[WhiteElo "2292"]
[BlackElo "1992"]

1.d4 d5 2.c4 c6 3.Nc3 Nf6 4.Nf3 dxc4 5.a4 Bf5 6.e3 e6 7.Bxc4 Bb4 8.O-O O-O
9.Ne2 Nbd7 10.Ng3 Bg6 11.Nh4 Qe7 12.f4 Nb6 13.Bb3 a5 14.f5 exf5 15.Ngxf5 Qd7
16.Qf3 c5 17.Nxg7 Nbd5 18.Ngf5 Rae8 19.Bxd5 Nxd5 20.e4  1-0

[Event "Sydney International Open"]
[Site "Parramatta AUS"]
[Date "2012.04.12"]
[Round "4.9"]
[White "Karthikeyan,P2"]
[Black "Bai,Jinshi"]
[Result "1/2-1/2"]
[WhiteElo "2414"]
[BlackElo "2231"]

1.d4 d5 2.c4 c6 3.Nf3 Nf6 4.Nc3 dxc4 5.a4 Bf5 6.Ne5 Nbd7 7.Nxc4 Qc7 8.g3 e5
9.dxe5 Nxe5 10.Bf4 Nfd7 11.Bg2 g5 12.Ne3 gxf4 13.Nxf5 O-O-O 14.Qc2 Nc5 15.O-O fxg3
16.hxg3 a5 17.Rad1 h5 18.Rxd8+ Qxd8 19.Rd1 Qf6 20.Bh3 Kb8 21.Qd2 Ng6 22.Qe3 h4
23.g4 Be7 24.Nxe7 Qxe7 25.Qxe7 Nxe7 26.f4 f6 27.Kf2 Kc7 28.Kf3 Re8 29.g5 fxg5
30.fxg5 Rf8+ 31.Kg4 Nf5 32.Rg1 Ne6 33.g6 Ne3+ 34.Kxh4 Rh8+ 35.Kg3 Rh6 36.Bxe6 Rxg6+
37.Kf3 Rxe6 38.Rg7+ Kb6 39.Ne4 Nc4 40.b3 Nd6 41.Nxd6 Rxd6 42.Kf4 Rf6+ 43.Ke4 Re6+
44.Kd3 Rd6+  1/2-1/2

[Event "Brunei GM Inv 2012"]
[Site "Bandar Seri Begawan BRU"]
[Date "2012.04.15"]
[Round "5.2"]
[White "Vakhidov,J"]
[Black "Yap,K"]
[Result "1-0"]
[WhiteElo "2396"]
[BlackElo "2405"]

1.d4 d5 2.c4 c6 3.Nc3 Nf6 4.Nf3 dxc4 5.a4 Bf5 6.Ne5 Na6 7.e3 Nb4 8.Bxc4 e6
9.O-O Bd6 10.Qe2 Nc2 11.Ra2 Nb4 12.Ra1 Nc2 13.Rb1 Nd5 14.Bxd5 exd5 15.g4 Bg6
16.f4 Nb4 17.f5 f6 18.fxg6 fxe5 19.e4 Qh4 20.exd5 O-O-O 21.Ne4 h6 22.dxc6 Nxc6
23.d5 Nd4 24.Qg2 Bc7 25.d6 Bxd6 26.Be3 Bc7 27.Rf7 Nc6 28.Kh1 Rd3 29.Bxa7 Nxa7
30.Nc5 e4 31.Rxc7+ Kxc7 32.Qxe4 Nc6 33.Qxd3 Qxg4 34.Rg1 Qb4 35.Qd7+  1-0

[Event "14th Dubai Open 2012"]
[Site "Dubai UAE"]
[Date "2012.04.15"]
[Round "1.8"]
[White "Chommyyev,M"]
[Black "Petrosian,TL"]
[Result "0-1"]
[WhiteElo "2168"]
[BlackElo "2643"]

1.Nf3 d5 2.d4 c6 3.c4 Nf6 4.Nc3 dxc4 5.a4 Bf5 6.e3 e6 7.Bxc4 Nbd7 8.O-O Bb4
9.Nh4 Bg6 10.Nxg6 hxg6 11.g3 Qa5 12.Bd2 O-O-O 13.Rc1 Rh3 14.f4 Nb6 15.Bb3 Rdh8
16.Rf2 Bxc3 17.Bxc3 Qf5 18.Bc2 Qd5 19.Rg2 Nc4 20.Bb3 Qxg2+ 21.Kxg2 Nxe3+
22.Kf3 Nxd1 23.Rxd1 Rxh2  0-1

[Event "12th BCC Open"]
[Site "Bangkok THA"]
[Date "2012.04.19"]
[Round "9"]
[White "Xiu Deshun"]
[Black "Sriram,J"]
[Result "0-1"]
[WhiteElo "2492"]
[BlackElo "2406"]

1.d4 d5 2.c4 c6 3.Nf3 Nf6 4.Nc3 dxc4 5.a4 Bf5 6.Ne5 Nbd7 7.Nxc4 Qc7 8.g3 e5
9.dxe5 Nxe5 10.Bf4 Nfd7 11.Bg2 g5 12.Ne3 gxf4 13.Nxf5 O-O-O 14.Qc2 Kb8 15.O-O fxg3
16.hxg3 h5 17.Rfc1 Nf6 18.a5 h4 19.Nxh4 Rxh4 20.gxh4 Neg4 21.Qf5 Qh2+ 22.Kf1 Bh6
23.Ne4 Rg8 24.Ng5 Qxh4 25.Nh3 Qxh3  0-1

[Event "TCh-CZE Extraliga 2011-12"]
[Site "Czech Republic CZE"]
[Date "2012.04.22"]
[Round "11.7"]
[White "Oborny,L"]
[Black "Cech,P"]
[Result "0-1"]
[WhiteElo "1979"]
[BlackElo "2369"]

1.d4 d5 2.c4 c6 3.Nc3 Nf6 4.Nf3 dxc4 5.a4 Bf5 6.e3 e6 7.Bxc4 Bb4 8.O-O O-O
9.Bd2 c5 10.Ne2 Bxd2 11.Qxd2 Ne4 12.Qd1 Nc6 13.Ng3 Nxg3 14.hxg3 cxd4 15.Nxd4 Nxd4
16.Qxd4 Qxd4 17.exd4 Rfd8 18.Rfd1 Rac8 19.b3 Rd6 20.Rd2 Rcd8 21.Rad1 Be4
22.Kf1 Kf8 23.f3 Bd5 24.Bxd5 Rxd5 25.Ke2 Ke7 26.f4 h5 27.Ke3 Rc8 28.Rd3 Kd6
29.Ke4 Rc6 30.R1d2 Kc7 31.Kf3 Kb6 32.Ke2 Ka5 33.Kd1 Kb4 34.Rc2 a5 35.Kc1 g5
36.Kb2 Rxc2+ 37.Kxc2 Rf5 38.Rf3 h4 39.gxh4 gxh4 40.Kb2 Rf6 41.Rf2 Rg6 42.Rc2 b5
43.axb5 Kxb5 44.Rc5+ Kb6 45.Rg5 Rxg5 46.fxg5 Kc6 47.Kc3 Kd5 48.Kd3 e5 49.dxe5 Kxe5
50.Ke3 Kf5 51.Kf3  0-1

[Event "ch-LTU 2012"]
[Site "Vilnius LTU"]
[Date "2012.04.23"]
[Round "3"]
[White "Pileckis,E"]
[Black "Dambrauskas,V"]
[Result "1/2-1/2"]
[WhiteElo "2448"]
[BlackElo "2307"]

1.Nf3 d5 2.d4 Nf6 3.c4 c6 4.Nc3 dxc4 5.a4 Bf5 6.Ne5 Nbd7 7.Nxc4 Qc7 8.Bg5 Ne4
9.Nxe4 Bxe4 10.f3 Bd5 11.e4 Bxc4 12.Bxc4 e5 13.Bxf7+ Kxf7 14.Qb3+ Kg6 15.Qe6+ Nf6
16.Qf5+ Kf7 17.dxe5 Bb4+ 18.Ke2 Qd7 19.exf6 Qxf5 20.exf5 gxf6 21.Be3 Rhe8
22.Kf2 Re5 23.Rhd1 Rae8 24.Rd7+ R8e7 25.Rxe7+ Kxe7 26.g4 Ra5 27.b3 b5 28.Ke2 c5
29.Kd3 Kd6 30.Ke4 c4 31.Rd1+ Ke7 32.axb5 cxb3 33.Rb1 Rxb5 34.Rxb3 a5 35.Rb1 Rb7
36.Bc5+ Kd7 37.Bd4 Ke7 38.Rb3 h5 39.h3 Kf7 40.Bc5 Rb8 41.Bxb4 axb4 42.Kd5 Rd8+
43.Kc5 Rd1 44.Rxb4 Rd3 45.Rf4 h4 46.Kc4 Ra3 47.Kb4 Rd3 48.Rc4 Rxf3 49.Rc3 Rf1
50.Kc5 Rg1 51.Kd5 Rd1+ 52.Ke4 Re1+ 53.Kf3 Rg1 54.Kf2 Ra1 55.Rc7+ Kg8 56.Kf3 Ra3+
57.Ke4 Rxh3 58.g5 Rh1 59.g6 Re1+ 60.Kf3 Rf1+ 61.Kg4 h3 62.Rc2 Kg7 63.Rc7+ Kg8
64.Rc2 Kg7 65.Rb2 Rg1+ 66.Kf3 Rg5 67.Ke4 Rh5 68.Rh2 Kg8 69.Kf4 Kg7 70.Kg4  1/2-1/2

[Event "3rd LUC Open"]
[Site "Lille FRA"]
[Date "2012.04.25"]
[Round "4.16"]
[White "Dubessay,B"]
[Black "Arjun,B"]
[Result "1-0"]
[WhiteElo "2372"]
[BlackElo "2210"]

1.d4 d5 2.c4 c6 3.Nf3 Nf6 4.Nc3 dxc4 5.a4 Bf5 6.e3 e6 7.Bxc4 Bb4 8.O-O Nbd7
9.Qe2 O-O 10.e4 Bg6 11.Bd3 Bh5 12.e5 Nd5 13.Nxd5 cxd5 14.Qe3 Be7 15.g3 Nb8
16.Bd2 Nc6 17.Bc3 Bg6 18.Bxg6 hxg6 19.h4 a6 20.Qe2 Rb8 21.a5 Na7 22.Kg2 Nb5
23.Bd2 Rc8 24.Qd3 Qc7 25.Rfc1 Qb8 26.Rh1 Rfd8 27.h5 gxh5 28.Rxh5 g6 29.Rah1 gxh5
30.Rxh5 Bh4 31.Qh7+ Kf8 32.Bb4+ Ke8 33.Qg8+ Kd7 34.Qxf7+ Kc6 35.Qxe6+ Nd6
36.exd6 Kb5 37.Qxd5+ Kxb4 38.Nd2 b5 39.axb6  1-0

[Event "Magistral Osasco 50 Anos"]
[Site "Osasco BRA"]
[Date "2012.04.25"]
[Round "1.3"]
[White "Toth,Chr"]
[Black "Alonso,S"]
[Result "0-1"]
[WhiteElo "2365"]
[BlackElo "2506"]

1.d4 d5 2.c4 c6 3.Nc3 Nf6 4.Nf3 dxc4 5.a4 Bf5 6.e3 e6 7.Bxc4 Bb4 8.O-O O-O
9.Qe2 Bg6 10.Ne5 Nbd7 11.Nxg6 hxg6 12.Rd1 Qe7 13.e4 e5 14.d5 a5 15.Bg5 Bc5
16.Be3 Bxe3 17.Qxe3 Qb4 18.Be2 Nb6 19.f3 cxd5 20.exd5 Nbd7 21.Bb5 Rfd8 22.Ne4 Nxe4
23.Bxd7 Nd6 24.Bb5 f6 25.Qb6 Rac8 26.Rac1 Kh7 27.Rc7 Nxb5 28.Rxc8 Rxc8 29.axb5 Rc2
30.Qe6 Qh4 31.Kh1 Qg5 32.Qh3+ Qh5 33.Qe6 Qf5 34.Qb6 e4 35.Qe3 exf3 36.Qxf3 Qxf3
37.gxf3 Kg8 38.d6 Rc8 39.Re1 Rd8 40.Re7 b6 41.d7 Kf8 42.Re6 Rxd7 43.Rxb6 Rd1+
44.Kg2 Rd2+ 45.Kg3 Rxb2 46.Rb7 Rb4 47.b6 g5 48.Ra7 Rxb6 49.Rxa5 Rb4 50.Ra7 Kg8
51.Ra6 Kh7 52.Rc6 Kh6 53.Ra6 Kh5 54.Ra7 Kh6 55.Ra6 Kh7 56.Rc6 f5 57.Ra6 g4
58.f4 g6 59.Ra3 Kh6 60.Rc3 Kh5 61.Rc8 Rb3+ 62.Kg2 Kh6 63.Rh8+ Kg7 64.Ra8 Rf3
65.Ra4 Kh6 66.Rb4 Kh5 67.Ra4 Kh4 68.Ra6 Rxf4 69.Rxg6 Ra4 70.Rh6+ Kg5 71.Rb6 Ra2+
72.Kg1 f4 73.Rb5+ Kh4 74.Rb8 f3 75.Rh8+ Kg5 76.Rg8+ Kf4 77.Rf8+ Ke3 78.Re8+ Kd3
79.Rd8+ Ke2 80.Re8+ Kd1 81.Rd8+ Ke1  0-1

[Event "ch-LTU 2012"]
[Site "Vilnius LTU"]
[Date "2012.04.27"]
[Round "7"]
[White "Pileckis,E"]
[Black "Laurusas,T"]
[Result "0-1"]
[WhiteElo "2448"]
[BlackElo "2360"]

1.Nf3 Nf6 2.c4 c6 3.Nc3 d5 4.d4 dxc4 5.a4 Bf5 6.Ne5 Nbd7 7.Nxc4 Nb6 8.Ne5 a5
9.g3 Nfd7 10.Nxd7 Nxd7 11.e4 Bg6 12.f4 e6 13.Bg2 Bb4 14.O-O Nf6 15.f5 Bh5
16.Qd3 e5 17.d5 Nd7 18.Kh1 f6 19.Na2 Bc5 20.Rb1 Qe7 21.Bd2 cxd5 22.b4 axb4
23.Nxb4 Qd6 24.Nxd5 Ra7 25.Rfc1 O-O 26.Qb5 Bf7 27.Rc4 Rb8 28.Rbc1 b6 29.Bb4 h6
30.h3 Be8 31.Kh2 Kh7 32.Be1 Ba3 33.Rc6 Qf8 34.Ra1 Bd6 35.Rd1 Nc5 36.Nb4 Rxa4
37.Rd5 Be7 38.h4 Ra1 39.Qe2 Bxc6 40.Nxc6 Rc8 41.Bc3 Ra4 42.Nxe5 fxe5 43.Bxe5 Rd8
44.Qd1 Ra2 45.Kh3 Rxg2 46.Kxg2 Nxe4 47.Bc7 Rxd5 48.Qxd5 Nd6 49.g4 Qf6 50.Qd3 Nf7
51.Bg3 Kh8 52.Qd7 Bd6 53.Qe8+ Kh7 54.Bf2 Bc5 55.Bg3 Qe7  0-1

[Event "ch-LTU 2012"]
[Site "Vilnius LTU"]
[Date "2012.04.29"]
[Round "9"]
[White "Pileckis,E"]
[Black "Beinoras,M"]
[Result "0-1"]
[WhiteElo "2448"]
[BlackElo "2353"]

1.Nf3 d5 2.d4 Nf6 3.c4 c6 4.Nc3 dxc4 5.a4 Bf5 6.Ne5 e6 7.f3 c5 8.e4 Bg6 9.d5 exd5
10.exd5 Bd6 11.Nxc4 O-O 12.Be2 Na6 13.O-O Nb4 14.Bg5 Qb8 15.Bxf6 Bxh2+ 16.Kh1 Bc2
17.Qe1 Bg3 18.Qd2 Bf4 19.Qe1 gxf6 20.g3 Be5 21.f4 Bd4 22.Nb5 Be4+ 23.Kh2 Nc2
24.Qd2 Nxa1 25.Nxd4 cxd4 26.Qxd4 Re8 27.Bh5 Qd8 28.Rxa1 Qxd5 29.Qxd5 Bxd5
30.Nd6 Red8 31.Nb5 Bc6  0-1

[Event "Ostravsky Konik A"]
[Site "Ostrava CZE"]
[Date "2012.04.30"]
[Round "3.15"]
[White "Lys,J"]
[Black "Leks,M"]
[Result "1-0"]
[WhiteElo "2191"]
[BlackElo "2103"]

1.d4 d5 2.c4 c6 3.Nc3 Nf6 4.Nf3 dxc4 5.a4 Bf5 6.Nh4 e6 7.Nxf5 exf5 8.e3 Bb4
9.Bxc4 O-O 10.Qb3 Qb6 11.O-O Nbd7 12.Na2 Bd6 13.Qxb6 Nxb6 14.Bd3 g6 15.a5 Nbd5
16.a6 b6 17.Bd2 c5 18.Nc3 Nb4 19.Bb1 Rad8 20.Nb5 Nc6 21.Rc1 Rfe8 22.Be1 Bf8
23.g3 Nd5 24.Ba2 Nf6 25.b4 Ne4 26.Nc7 Re7 27.Nd5 Re6 28.Nxb6 axb6 29.d5 Red6
30.dxc6 Bg7 31.Rab1 Rxc6 32.Rd1 Rdc8 33.Bd5 R6c7 34.Bb7 Re8 35.f3 Nc3 36.Bxc3 Bxc3
37.bxc5 Rxc5 38.Rbc1 Bd2 39.Rxc5 Bxe3+ 40.Kf1 bxc5 41.a7  1-0